000
00321nam a22001457a 4500
008
210518b ||||| |||| 00| 0 eng d
020
_a
9780321867322
041
_a
eng
080
_2
6th
_a
510
082
_a
510
100
_a
36
101
_a
MAT
245
_a
Thinking Mathematcally
_c
Robert Blitzer
942
_2
udc
_c
BK
999
_c
57397
_d
57397